Global Language Vocabulary- H #1 - Statistics

General Stats
  • This quiz has been taken 819 times
  • The average score is 5 of 12
Answer Stats
Language Answer % Correct
English Hello
100%
Spanish Hola
97%
Italian Ciao
79%
Hawaiian Aloha
66%
Chinese (Simplified) 你好, nǐ hǎo
64%
Japanese こんにちは, konnichiwa
50%
Russian Привет, privyet
35%
Turkish Merhaba
15%
Korean 안녕하세요, annyeonghaseyo
11%
Vietnamese Xin chào
5%
Greek Γειά σου, geiá sou
3%
Filipino Kamusta
3%
No matching quizzes found
Score Distribution
Percent of People with Each Score
Percentile by Number Answered
Your Score History
You have not taken this quiz